Molecular cell biology
Sparad:
| Huvudupphovsman: | |
|---|---|
| Övriga upphovsmän: | , , , , |
| Materialtyp: | Bok |
| Språk: | engelska |
| Publicerad: |
New York, USA
Scientific American Books
1995
|
| Upplaga: | Tercera edición |
| Ämnen: | |
| Taggar: |
Lägg till en tagg
Inga taggar, Lägg till första taggen!
|
MARC
| LEADER | 00000cam a2200000 a 4500 | ||
|---|---|---|---|
| 001 | UCE5231 | ||
| 003 | CL-VaPUC | ||
| 005 | 20210715001452.0 | ||
| 008 | 141211e19950000us |||||||||||||||||eng|d | ||
| 999 | |c 357992 |d 357990 | ||
| 020 | |a 0716723808 | ||
| 040 | |c Pontificia Universidad Católica de Valparaíso | ||
| 082 | 0 | 4 | |a 571.6 LOD 1995 |2 21 |
| 100 | |a Lodish, Harvey |e autor |9 600697 | ||
| 245 | 1 | 0 | |a Molecular cell biology |
| 250 | |a Tercera edición | ||
| 260 | 0 | 3 | |a New York, USA |b Scientific American Books |c 1995 |
| 300 | |a 1344 páginas | ||
| 583 | |a last modification |c 20141211 14:14:00 |k Rodrigo Vera | ||
| 650 | 0 | |a Biología molecular |9 269677 | |
| 650 | 0 | |a Citogenética |9 269678 | |
| 650 | 0 | |a Moléculas |9 259584 | |
| 650 | 0 | |a Células |9 269548 | |
| 650 | 0 | |a Genética |9 259443 | |
| 700 | 0 | |a Baltimore, David |9 577763 | |
| 700 | 0 | |a Berk, Arnold |9 577764 | |
| 700 | 0 | |a Zipursky, S. Lawrence |9 577765 | |
| 700 | 0 | |a Matsudaira, Paul |9 577766 | |
| 700 | 0 | |a Darnell, James |9 577767 | |
| 942 | |c BK |2 ddc | ||
| 945 | |d 20141211 14:14:00 |a arojas | ||
| 952 | |0 0 |1 0 |2 ddc |3 erd |4 0 |6 571_600000000000000_LOD_1995 |7 0 |8 A |9 466197 |a BIBCUR |b BIBCUR |i 5129818 |o 571.6 LOD 1995 |p 5129818 |r 2025-04-22 |t 1 |w 2019-11-23 |y BK |z Catalogado en:20141211 |k BIO | ||